000 00897cam a2200301 4500
001 B684
008 970403 1987
035 _a(Sirsi) u37387
041 0 _aeng
050 0 4 _a692.9 $2 18
110 2 _aNational Joint Consultative Committee for Building
_9994
245 0 0 _aSet off and adjudication procedures under sub-contract
260 _aLondon
_bNJCC
_c1987
300 _a(8)p.
_c30cm.
350 _a7.45
490 _aNJCC Procedure Note
_v(17)
650 2 4 _aIN/SC
650 2 4 _aNAM/SC
650 2 4 _aJCT STANDARD FORM OF NOMINATED SUB-CONTRACT (1980 EDITION)
650 2 4 _aNSC/4A 1980
650 2 4 _aDOM/1
650 2 4 _aDOM/2
650 2 4 _aGW/S 1985
651 4 _aEngland and Wales
_y1543-
690 _aMANAGEMENT-DISPUTE AVOIDANCE, MANAGEMENT AND RESOLUTION-DISPUTE MANAGEMENT AND RESOLUTION-ARBITRATION
942 _n0
948 _c04/03/1997
999 _c90471
_d90471